| 000 | 01482cam a2200181 4500 | ||
|---|---|---|---|
| 001 | L130383 | ||
| 008 | 050722n2005 000 0 eng u | ||
| 035 | _a(Sirsi) u130383 | ||
| 041 | _aeng | ||
| 110 |
_aOffice of the Deputy Prime Minister _94685 |
||
| 245 | _aPlanning for housing provision | ||
| 260 |
_aLondon _bODPM _c2005 |
||
| 520 | _aThis consultation paper sets out government objectives for delivering a better supply of housing through the planning system and proposes a new policy approach to making the planning system more responsive to the housing market within the overall objective of planning, which contributes to sustainable development. The key elements of this approach are: robust evidence-based need and demand assessments and development of plan policies, which look at housing markets and are developed in partnership with stakeholders; a pro-active approach using positive planning to deliver appropriate housing land, keeping provision under review and maintaining a rolling five-year supply of housing land within a 15-year time horizon. Responses are invited by 9 September 2005 and a summary of the responses will be published on the DCLG website by the end of December 2005. | ||
| 590 | _aIKA020805 | ||
| 690 | _aPROPERTY-RESIDENTIAL PROPERTY-RESIDENTIAL LAND | ||
| 856 |
_uhttps://www.communities.gov.uk/archived/publications/planningandbuilding/planninghousing _zView the consultation free of charge at www.communities.gov.uk... |
||
| 942 | _n0 | ||
| 999 |
_c104443 _d104443 |
||